00590nam a2200193Ia 450000500170000000800410001702000150005808200130007324500670008626000460015330000160019965000100021565000100022570000230023570000240025894200060028295200950028899900130038320240704055701.0240331s9999 xx 000 0 und d a0704340259 a155bERN 0aLiving with the sphinxbPapers from the Women's Therapy Centre aLondonbThe Women's press LimitedcLondon ax, 265 p ., aWomen aWoman aErnst, Sheilaeedt aMaguire, Marieeedt cL 001040708LaWERCLbWERCLcSSCd2024-03-31l0o 155 ERNp3566r2024-03-31w2024-03-31yL c742d742